000 00599nam a2200205 i 4500
001 109717
003 ES-MaACL
005 20250524063050.0
007 t|
008 061121s1979 sp r ||||1| cat d
100 1 _aMuntaner, Ramon,
_d1265-1336
_984239
245 1 0 _aCrónica II /
_cRamón Muntaner; a cura de Marina Gustá.
250 _a1ª. ed.
260 _aBarcelona :
_bEdicions,
_c1979.
300 _a242 p. ;
_c19 cm.
651 4 _aAragón (Reino)-
_xHistoria.
_97791
700 1 _aGustà, Marina.
_961022
852 _aES-MaACL
_jA-10499
_bR.99670
999 _c109717
_d109717